01377nam a2200289 i 4500003000400000005001700004008004100021020003800062040002500100082001400125090001800139100003100157245007500188264004900263300004500312336002100357337002500378338002300403500001900426520042600445650001200871655001400883942001100897999001900908952008100927952007901008OSt20240104102813.0240104s2021 enkao e 001 0 eng d a9781783254873cRM120.00qhardback aPPAKbengcPPAKerda04223a641.500a641.5bGALdR1 aGaletti, Monica, eauthor.10aAT HOME :bMy favourite recipes for family & friends /cMONICA GALETTI 1aLondon :bOctopus Publishing, London, c2021 a191 pages :bcolour photographs ;c24 cm atext2rdacontent aunmediated2rdamedia avolume2rdacarrier 6Includes index aMonica Galetti's career has taken her from her home in Samoa and New Zealand to the professional kitchens of London. Her new cookbook, At Home, showcases the easy, everyday dishes she enjoys at home, with family and friends, using simple ingredients that everyone will enjoy. From breakfast time and midweek suppers to celebrations, gatherings and the perfect Sunday lunch, At Home is a celebration of great home cooking.10aCooking 7aCookbooks 2ddccB c194353d194353 0071bPPAKcRd2024-01-28l0oR 641.5 GALpA01810569r2024-01-28 11:03:58yB 0071bSPcRd2024-01-28l0oR 641.5 GALpA01810570r2024-01-28 11:03:58yB